Accelerators of SMEs Innovations

Salvato in:
Dettagli Bibliografici
Autore principale: Dugas, Jaroslav, 1967-
Altri autori: Rosocha, Ladislav
Natura: Capitolo di libro
Lingua:inglese
Soggetti:
Tags: Aggiungi Tag
Nessun Tag, puoi essere il primo ad aggiungerne!!

MARC

LEADER 00000nla a2200000 4500
001 0233975
005 20240502073809.9
041 0 |a eng 
044 |a SK 
245 1 0 |a Accelerators of SMEs Innovations  |c Jaroslav Dugas, Ladislav Rosocha 
500 |a Abstrakt 
610 2 0 |a podnikanie malé 
610 2 0 |a podnik malý 
610 2 0 |a inovácia 
610 2 0 |a výkonnosť inovačná 
610 2 0 |a kapitál 
100 1 |a Dugas, Jaroslav, 1967- 
700 1 |a Rosocha, Ladislav